| 000 | 00571nam a2200181 i 4500 | ||
|---|---|---|---|
| 001 | 61364 | ||
| 003 | ES-MaACL | ||
| 005 | 20230906164436.0 | ||
| 007 | t| | ||
| 008 | 031111s1968 sp ||||1| spa d | ||
| 100 | 1 |
_aEuwe, Max. _948340 |
|
| 245 | 1 | 3 |
_aLa defensa siciliana / _cMax Euwe ; [traducción, Juan Navarro y Enrique Catalán]. |
| 260 |
_aEsplugas de Llobregat : _bEdiciones Limitadas Catalán, _c1968. |
||
| 300 |
_a248 p. : _bil. ; _c22 cm. |
||
| 700 | 1 |
_aNavarro, Juan. _985076 |
|
| 700 | 1 |
_aCatalán, Enrique. _937020 |
|
| 852 |
_aES-MaACL _jC-46874 _bR.71330 |
||
| 999 |
_c61364 _d61364 |
||